000 00835nam a22002657a 4500
001
003 DO-SdBNP
005 20230313091216.0
008 160706b 2010 ec| 0 spa d
020 _a9786124026669
040 _aBPMSU
_bspa
_cBPMSU
082 4 _a823..8
_bP478pa 2010
_222
245 0 0 _aPeter Pan :
_bmis rimacuentos /
_c adaptación Flor Sonia Carpio
260 _aLa victoria, Lima :
_b Editorial Didáctica,
_c2010
300 _a[10 p.] :
_bil.,
_c20 cm.
490 0 _a Mis rimacuentos
_a
590 _6Inventariado, 2023/VM
600 4 _aBarrie, James Matthew,
_d1860-1937
_tPeter Pan
_x
650 4 _a Literatura iglesa infantil
_x
_e
650 4 _aCuentos ingleses infantiles
700 1 _aCarpio, Flor Sonia
_e adaptación
740 _5
910 _aVMateo V. Control de calidad (BPMSU)
942 _2ddc
_cBK
999 _c14373
_d14373